000 00465nam a22001697a 4500
003 NUST - PNEC
005 20170116181119.0
008 151004b xxu||||| |||| 00| 0 eng d
020 _a-
040 _cLIBRARY
082 _a891.43915 ZUL
100 _913390
_aZulfiqar Ali Khan
245 _aA voice from the East : The poetry of Iqbal
_cZulfiqar Ali Khan
260 _cc.1966
650 _913398
_aIqbal, Muhammad, Sir, 1877-1938
_xGeneral
942 _2ddc
_cBK
999 _c69492
_d69492